Normal view
MARC view
Entry Personal Name
001 - CONTROL NUMBER
- control field: 1238196
003 - CONTROL NUMBER IDENTIFIER
- control field: OSt
005 - DATE AND TIME OF LATEST TRANSACTION
- control field: 20260430150659.0
008 - FIXED-LENGTH DATA ELEMENTS
- fixed length control field: 260430|| aca||aabn | a|a d
040 ## - CATALOGING SOURCE
- Original cataloging agency: OSt
- Transcribing agency: OSt
100 ## - HEADING--PERSONAL NAME
- Personal name: Amit Kumar Amit Kumar Au.; Panda Nabin Kumar Gu
670 ## - SOURCE DATA FOUND
- Source citation: Work cat.: (OSt)1850374: Amit Kumar Amit Kumar Au.; Panda Nabin Kumar Gu., Effect of National Innovation System on New Age Information Communication Technology Innovation in Japan from 2002 TO 2012, 2024
